000 00324nam a2200133Ia 4500
005 20260328101518.0
008 260328s9999||||xx |||||||||||||| ||und||
100 _aLópez, Raymond
245 0 _aL' avenir des villes /
_cRaymond López
260 _bMichel Ragon
300 _a135 p.
650 _aDISEÑO URBANO
942 _cBK
999 _c9458
_d9458